000 00951cab a2200241 4500
001 ABS47386
008 090401t1992 xxu||||| |||| 00| 0 eng d
035 _a(Sirsi) u61793
041 _aeng
245 _aContractors gain from bond changes
260 _c1992
350 _a0
490 _aBuilding
_v257(7768) 30 October 1992, 32-33(2)
520 _aOutlines the International Bar Associations`s "Illustrative forms of performance guarantee" and the International Chamber of Commerce`s "Uniform rules for demand guarantees" aimed at regulating `on-demand` bonds for use in international construction projects.
650 _aBONDS
650 _aFIDIC CONDITIONS OF CONTRACT FOR WORKS OF CIVIL ENGINEERING CONSTRUCTION FOURTH EDITION
650 _aGUARANTEES
650 _aINTERNATIONAL CONSTRUCTION CONTRACTS
650 _aPERFORMANCE BONDS
690 _aBUILT ENVIRONMENT-BUILDING CONTRACT FORMS
942 _n0
948 _c04/03/1997
999 _c38322
_d38322